000 01318cam a22003854i 4500
003 PE-LiUPU
005 20250731173215.0
008 150625s r 000 0 d
035 _a(Sirsi) a32830
040 _aPE-LiUPU
_bspa
_cPE-LiUPU
_erda
082 0 4 _a220.9333
_bK84
_221
245 0 0 _aCities Of Clay.
264 1 _aChicago :
_bThe universuty of Chicago Press,
_c1986.
300 _a167 páginas ;
_c23 cm.
336 _atext
_2rdacontent
337 _aunmediated
_2rdamedia
338 _avolume
_2rdacarrier
505 0 _aIntroduction. -Mound Development. -Mound Erosion. -The mound and Environment: Tel Laschish. -Mundbrick studies. -Microarcheology. -Conclusions.
526 _aSEG42
526 _aSEG41
526 _aSEG40
526 _aSEG39
526 _aP94
526 _aP87
526 _aP86
526 _aP85
526 _aP77
526 _aP76
526 _aP35
942 _2ddc
_cBOOK
949 _a220.9333 K84
_wDEWEY
_c1
_i37238
_lCCODEBUL1
_mBUL
_p00.00
_r0
_sY
_tBOOK
_u2015-06-25
_xBIBLIOTECA
_zUNKNOWN
_0COMPRA
_o.STAFF. Colección General
596 _a1
999 _a220.9333 K84
_wDEWEY
_c40526
_i37238
_f2021-11-9
_g5
_lCCODEBUL1
_mBUL
_r0
_sY
_tBOOK
_u2015-6-25
_xTEOLOGIA
_zUNKNOWN
_0COMPRA
_o.STAFF. Colección General
_d40526
980 _81
_gALBERTO SANCHEZ Responsable de Automatización